000 00922nam a2200229 a 4500
001 26866
003 BD-RjUL
005 20211209051058.0
008 140323s1960 ii ac 000 0 eng
035 _a(BD-RjUL)26937
040 _aDLC
_cCarP
_dBD-RjUL
_beng
041 _aeng
082 _a954.01
_bJNB 1960
_223
110 1 _aCalcutta.
_bUniversity.
_bDepartment of Ancient Indian History and Culture.
_bAlumni Association. [from old catalog]
_9202539
245 1 0 _aJ. N. Banerjea volume :
_ca collection of articles by his friends and pupils presented on his retirement from Carmicheal Professorship of Ancient Indian History and Culture, University of Calcutta /
260 _aCalcutta :
_bThe alumni association,
_c1960.
300 _axiv, 352 p. :
_bill. ;
_c23 cm.
600 1 0 _aBanerjea, Jitendra Nath. [from old catalog]
_9202540
651 0 _aIndia
_xCivilization.
_982565
942 _2ddc
_cBK
999 _c26866
_d26866